000 00873nam a2200265 a 4500
999 _c684
_d684
008 191011s2011 ii a|||g |||| 00| 0 eng d
020 _a9788126532728
_cRs. 549.00
040 _aKO
_beng
041 0 _aeng
044 _aii
082 0 4 _223
_a543
_bR451
100 1 _aRiley, Tom
245 1 0 _aPrinciples of Electroanalytical Methods :
_bAnalytical Chemistry by Open Learning /
_cTom Riley, Colin Tomlinson ; Edited by Arthur M. James
250 _aIndian ed.
260 _aNew Delhi :
_bWiley India Pvt ltd,
_c2011
300 _axx, 252 p. :
_bill. ;
_c22.5 cm.
440 0 _aAnalytical Chemistry /
650 0 _aElectrochemical analysis
_xProgrammed instruction
_vTextbooks
650 0 _aChemistry, Analytic
_xProgrammed instruction
_vTextbooks
700 1 _aTomlinson, Colin
_eaut
700 1 _aJames, Arthur M.
_eedt
904 _aS_JOY
942 _cBK